COMPLETA LA RULETA - Estadísticas

Estadísticas generales
  • Esta prueba ha sido intentada 14 veces
    9 desde el último reinicio
  • La puntuación promedio es 1 de 114
Estadísticas de respuestas
Respuesta % Correcto
H
100%
gato
11%
hamburguesas
11%
120 euros en maquillaje
0%
16 euros bus
0%
3 suspensos
0%
4 tiros del culebras
0%
78 euros de la cerradura
0%
ahora ya duro 3
0%
ajo
0%
angelail
0%
ano
0%
asimilación del paradigma
0%
ayer estabas mas guapo
0%
baby loud
0%
bastoncillos
0%
bruja
0%
BTS
0%
buika
0%
cabra
0%
caerse de la cama
0%
cafés
0%
calentón a medianoche
0%
camiseta padre pujales
0%
cangue cangue
0%
carpeta
0%
Cepeda
0%
cepillo mugriento
0%
combona
0%
complicidad
0%
cortacésped
0%
cris
0%
culebras
0%
despistaos
0%
diablillos
0%
didi
0%
dolors
0%
dueña del pezón
0%
edu
0%
edward cullen
0%
el del barco
0%
espasmo
0%
espátula
0%
esperar en san roque
0%
faldita
0%
fastudo
0%
Fátima
0%
ferre
0%
ferrol
0%
funzo
0%
furro mcdonnalds
0%
furros cola
0%
guillade
0%
hugo puga
0%
inmobiliaria urbe
0%
juan antonio
0%
juan antonio tu como haces el amor
0%
Juanjo bona big
0%
la chica de redes
0%
la de noa
0%
lasaña
0%
lexatin
0%
madre de nico
0%
maría exnovia nico
0%
maricón
0%
mcgritos
0%
mcrisas
0%
mejillones
0%
mitosyl
0%
moho
0%
Monica naranjo
0%
mordiscos
0%
naix
0%
Nazario
0%
nick
0%
nico
0%
nico gomes
0%
no guarnición
0%
no te habrás hecho un pendiente
0%
no te pongas tímida
0%
ocer
0%
pablo rouss
0%
padre cornudo
0%
padre pujales
0%
palote
0%
pecas
0%
pechotes
0%
pedales
0%
pezón
0%
pimiento
0%
pita
0%
pizza
0%
polla fran
0%
pollo
0%
profesora chicken
0%
progenitora
0%
puedo hablar yo
0%
Puga saltando por la ventana
0%
rade
0%
romero
0%
rrpp
0%
say you won't let go
0%
silvilum
0%
técnico de rayos
0%
tía de nico
0%
tranquimacín
0%
traveli
0%
travelo
0%
vais a Santiago y os volveis locos
0%
vaso mugriento
0%
Vicente
0%
voy a dar una vuelta
0%
Xuso jones
0%
No se encontraron pruebas coincidentes
Distribución de puntuación
Porcentaje de gente con cada puntuación
Porcentaje por número respondido
Historial de tus puntuaciones
No has intentado esta prueba desde el último reinicio